| 000 | 00518nam a22001937a 4500 | ||
|---|---|---|---|
| 003 | MPLRDC | ||
| 005 | 20220104124025.0 | ||
| 008 | 210129b ||||| |||| 00| 0 eng d | ||
| 020 | _a7-80657-743-2 | ||
| 082 | _a873.84 LEW v.4 c.2 | ||
| 100 | _aC. S. LEWIS | ||
| 245 |
_a银椅 _c陈良廷 等译 |
||
| 250 | _a重印 | ||
| 260 |
_a中国 _b译林出版社 _c2006 |
||
| 300 | _b181 | ||
| 490 | _a纳尼亚传奇 THE CHRONICLES OF NARNIA | ||
| 650 | _a英国文学--长篇小说 | ||
| 942 |
_cBK _o873.84 LEW v.4 c.2 |
||
| 999 |
_c16043 _d16033 |
||